000 01075nam a2200277 a 4500
001 74353
003 BD-RjUL
005 20211209082536.0
008 180724s2015 ii ||||| |||| 000 0 eng d
020 _a9788175247802
_cTk.850.00
035 _a(BD-RjUL)74571
040 _aBD-RjUL
_beng
_cBD-RjUL
041 _aeng
082 _223
_a891.4414
_bSIR 1961
100 1 _aসিংহ, বিনয়েন্দ্র নারায়ণ
_9221880
245 1 0 _aরবীন্দ্র-সুভাষিত/
_cবিনয়েন্দ্র নারায়ণ সিংহ
260 _aকলিকাতা :
_bরবীন্দ্র ভারতী ,
_c১৯৬১
300 _a৫৩৭ পৃ. ;
_c২২ সেমি.
600 _aঠাকুর, রবীন্দ্রনাথ
_9228277
600 _aTagore, Rabindranath
_9228278
650 _aবাংলা সাহিত্য
_9228279
650 _aBengali Literature
_9228280
700 _aKunte, Durgesh Bhaskar
_9228281
700 _aRathi, Umesh Jugalkishor
_9228282
942 _2ddc
_cBK
999 _c74353
_d74353